00381pab a2200121 454500008004000000100001700040245012000057260000900177300001400186362000800200650000900208773004200217180718b2009 xxu||||| |||| 00| 0 eng d aSchou, Arild aWho benefits from demand-driven distribution of HIV/AIDS services? An analysis of the emerging CBO sector in Malawi c2009 ap.155-66. aMay aAIDS aPublic Administration and Development